01662pab a2200181 454500008004000000100002100040245007700061260000900138300001400147520110400161650002001265700002001285700001801305773002601323909001001349999001701359952010401376180718b2002 xxu||||| |||| 00| 0 eng d aMorris, Jonathan aPrivatization, Chinese style; economic reform and stateowned enterprises c2002 ap.359-73. aThis article reviews `corporatization' and `marketizatin', shorthands for privatizations, in the Chinese economy. In particular it concentrates upon the most recent round of state-owned enterprise reforms, the Modern Enterprise System and Group Company System, aimed at transorming China's largest state-owned enterprises into internationally competitive corporations. This represents a partial privatization, given that the state will retain majority ownership, while acquiring domestic and foreign capital via sharelistings and foreign and domestic joint ventures. Drawing upon interview material from a five-year study of state-owned enterprises, the authors will indicate that such part privatization has been pragmatic and relatively slow. It has been constrained and circumscribed by broader economic and social reform programmes and accompanied by political decentralization and reforms. Ultimately, the reform and pace of reform is shaped by the desire to avoid political and social unrest which could, potentially, threaten the harmony of the Chinese central state apparatus. - Reproduced. aEconomic reform aSheehan, Jackie aHassard, John aPublic Administration a52846 c52846d52846 00104070aIIPAbIIPAd2018-07-19hVolume no: 80, Issue no: 2pAR53276r2018-07-19w2018-07-19yAR